00687nam a2200253Ia 450000500170000000800410001702000180005804000180007604100080009408200270010210000190012924500540014825000120020226000460021430000260026065000240028665000120031065000160032270000250033870000190036370000180038270000160040070000170041620250802155804.0210716s2016 xx 000 0 und d a9788126563029 cAIMIT LIBRARY aeng a005.7681 ANTB21bANTB aAntony, Benoy. aProfessional hadoop /cBy Benoy Antony...[et.al]. a1st ed. aNew Delhi :bWiley India Pvt Ltd ,c2016. axxii, 194p. ;c23 cm. aHadoop introduction aStorage aComputation aBoudnik, Konstantin. aAdams, Cheryl. aShao, Branky. aLee, Cazen. aSasaki, Kai.